| 000 | 01217cad a22002175a 4500 | ||
|---|---|---|---|
| 001 | L157922 | ||
| 008 | 130722s2013 xxk f 000 0 eng d | ||
| 035 | _a(Sirsi) u157922 | ||
| 041 | 0 | _aeng | |
| 110 | 2 |
_aUnited Kingdom _bDepartment of Energy and Climate Change _95850 |
|
| 245 | 0 | 0 |
_aDomestic Renewable Heat Incentive _bThe first step to transforming the way we heat our homes _h[electronic resource] |
| 260 |
_aLondon _bDECC _c2013 |
||
| 520 | _aUnder the new Renewable Heat Incentive householders could get paid hundreds of pounds a year for heat generated by solar thermal panels, biomass boilers and heat pumps. The announcement follows consultation on how a financial incentive would work best for householders and is designed to increase uptake of renewable heat technologies in homes across the UK. The scheme has been running in the commercial sector since November 2011. | ||
| 590 | _aKA | ||
| 651 | 4 | _aUnited Kingdom | |
| 690 |
_aRenewables _96265 |
||
| 690 |
_aEnergy _96237 |
||
| 690 |
_aSustainability _96271 |
||
| 856 | 4 | 0 |
_uhttps://www.gov.uk/government/uploads/system/uploads/attachment_data/file/212089/Domestic_RHI_policy_statement.pdf _zView the item free of charge at www.gov.uk |
| 942 | _n0 | ||
| 999 |
_c115033 _d115033 |
||